header

Men as managers, managers as men (Record no. 29415)

MARC details
000 -LEADER
fixed length control field 01330nam a2200337Ia 4500
245 00 - TITLE STATEMENT
Title Men as managers, managers as men
260 ## - PUBLICATION, DISTRIBUTION, ETC. (IMPRINT)
Place of publication London ;
-- Thousand Oaks, Calif. :
Name of publisher Sage Publications,
Year of publication 1996.
300 ## - PHYSICAL DESCRIPTION
Number of Pages x, 275 p.
650 #0 - SUBJECT ADDED ENTRY--TOPICAL TERM
Topical Term Executives.
Topical Term Masculinity.
Topical Term Men
700 1# - ADDED ENTRY--PERSONAL NAME
Personal name Collinson, David.
Personal name Hearn, Jeff,
856 40 - ELECTRONIC LOCATION AND ACCESS
Uniform Resource Identifier http://site.ebrary.com/lib/rucke/Doc?id=10348581

No items available.

© 2026 Rongo University
Contact us: librarian | system librarian | Rongo university